Statistiques concernant Les Premiers Ministres du Royaume-Uni

Cliquez ici pour prendre le quiz!

Statistiques générales

  • Ce quiz a été pris 69 fois
    (48 depuis la dernière actualisation)
  • Le résultat moyen est 19 sur 79

Statistiques - réponses

Mandat :Parti Politique :Premier Ministre :% Correct
2019 - 2022ConservateurBoris Johnson
93%
1979 - 1990ConservateurMargaret Thatcher
93%
1951 - 1955ConservateurWinston Churchill
89%
1940 - 1945ConservateurWinston Churchill
89%
2016 - 2019ConservateurTheresa May
79%
2010 - 2016ConservateurDavid Cameron
75%
2022ConservateurLiz Truss
64%
2022 - ?ConservateurRishi Sunak
64%
1997 - 2007TravaillisteTony Blair
64%
1957 - 1963ConservateurHarold Macmillan
61%
1974 - 1976TravaillisteHarold Wilson
61%
1964 - 1970TravaillisteHarold Wilson
61%
2007 - 2010TravaillisteGordon Brown
54%
1990 - 1997ConservateurJohn Major
54%
1945 - 1951TravaillisteClement Attlee
50%
1937 - 1940ConservateurNeville Chamberlain
46%
1955 - 1957ConservateurAnthony Eden
43%
1976 - 1979TravaillisteJames Callaghan
39%
1874 - 1880ConservateurBenjamin Disraeli
36%
1868ConservateurBenjamin Disraeli
36%
1916 - 1922LibéralDavid Lloyd George
36%
1970 - 1974ConservateurEdward Heath
36%
1963 - 1964ConservateurAlec Douglas-Home
32%
1929 - 1935TravaillisteRamsay MacDonald
29%
1924TravaillisteRamsay MacDonald
29%
1880 - 1885LibéralWilliam Ewart Gladstone
25%
1886LibéralWilliam Ewart Gladstone
25%
1868 - 1874LibéralWilliam Ewart Gladstone
25%
1892 - 1894LibéralWilliam Ewart Gladstone
25%
1935 - 1937ConservateurStanley Baldwin
21%
1924 - 1929ConservateurStanley Baldwin
21%
1923 - 1924ConservateurStanley Baldwin
21%
1922 - 1923ConservateurAndrew Bonar Law
18%
1902 - 1905ConservateurArthur Balfour
18%
1908 - 1916LibéralHerbert Henry Asquith
18%
1834 - 1835ConservateurRobert Peel
18%
1841 - 1846ConservateurRobert Peel
18%
1858 - 1859ConservateurEdward Smith-Stanley
14%
1852ConservateurEdward Smith-Stanley
14%
1866 - 1868ConservateurEdward Smith-Stanley
14%
1721 - 1742WhigRobert Walpole
14%
1852 - 1855ConservateurGeorge Hamilton-Gordon
11%
1905 - 1908LibéralHenry Campbell-Bannerman
11%
1743 - 1754WhigHenry Pelham
11%
1885 - 1886ConservateurRobert Gascoyne-Cecil
11%
1886 - 1892ConservateurRobert Gascoyne-Cecil
11%
1895 - 1902ConservateurRobert Gascoyne-Cecil
11%
1766 - 1768WhigWilliam Pitt l'Ancien
11%
1894 - 1895LibéralArchibald Primrose
7%
1828 - 1830ToryArthur Wellesley
7%
1834ToryArthur Wellesley
7%
1830 - 1834WhigCharles Grey
7%
1770 - 1782ToryFrederick North
7%
1763 - 1765WhigGeorge Grenville
7%
1865 - 1866LibéralJohn Russell
7%
1846 - 1852WhigJohn Russell
7%
1742 - 1743WhigSpencer Compton
7%
1756 - 1757WhigWilliam Cavendish
7%
1806 - 1807WhigWilliam Grenville
7%
1804 - 1806ToryWilliam Pitt le Jeune
7%
1783 - 1801ToryWilliam Pitt le Jeune
7%
1768 - 1770WhigAugustus FitzRoy
4%
1782WhigCharles Watson-Wentworth
4%
1765 - 1766WhigCharles Watson-Wentworth
4%
1827ToryGeorge Canning
4%
1801 - 1804ToryHenry Addington
4%
1855 - 1858WhigHenry John Temple
4%
1859 - 1865LibéralHenry John Temple
4%
1762 - 1763ToryJohn Stuart
4%
1757 - 1762WhigThomas Pelham-Holles
4%
1754 - 1756WhigThomas Pelham-Holles
4%
1835 - 1841WhigWilliam Lamb
4%
1834WhigWilliam Lamb
4%
1782 - 1783WhigWilliam Petty FitzMaurice
4%
1827 - 1828ToryFrederick John Robinson
0%
1812 - 1827ToryRobert Jenkinson
0%
1809 - 1812TorySpencer Perceval
0%
1783WhigWilliam Cavendish-Bentinck
0%
1807 - 1809WhigWilliam Cavendish-Bentinck
0%

Distribution des résultats

Percentile par nombre de réponses

% des personnes avec chaque résultat

Votre développement - résultats

Vous n’avez pas pris ce quiz depuis la dernière actualisation